00653nam a2200169 a 4500001000500000005001700005008004100022020001800063050001800081100002600099245004200125260003500167300001900202520012400221999001900345952011900364407820140414131902.0081222s19uu xx 00 eng d a0-439-69896-0 aFICbEv1 2004 aEvans, Douglas, 1953- aThe elevator family /cDouglas Evans. aNew York :bScholastic,c2004. a87 p. ; 24 cm. aThe four members of the Wilson family decide to spend their holiday in one of the elevators at the San Francisco Hotel. c110686d110686 00104050aMUbMUcFICd2008-12-22eBkRewardg125.00l0oFIC Ev1 2004pM1153r2014-04-14 00:00:00w2014-04-14yBK